1973年7月時点の急行のべやま停車駅 - Statistics

General Stats
  • This quiz has been taken 78 times
  • The average score is 20 of 28
Answer Stats
Answer % Correct
野辺山
98%
長野
95%
小淵沢
95%
長野
95%
小諸
94%
松本
92%
篠ノ井
88%
上田
88%
上諏訪
88%
下諏訪
88%
岡谷
88%
塩尻
88%
篠ノ井
88%
小海
83%
茅野
80%
辰野
77%
清里
73%
富士見
70%
明科
67%
屋代
53%
中込
53%
戸倉
47%
岩村田
47%
信濃川上
47%
大屋
30%
臼田
27%
松原湖
25%
麻績
22%
No matching quizzes found
Score Distribution
Percent of People with Each Score
Percentile by Number Answered
Your Score History
You have not taken this quiz